[Event "Catalunya-chT Gp2 Final"]
[Site "Barcelona"]
[Date "2023.03.26"]
[Round "3.9"]
[White "Roa Ribera, Alvaro"]
[Black "Fernandez Climent, Albert"]
[Result "0-1"]
[WhiteElo "1935"]
[BlackElo "2013"]
[PlyCount "46"]
[EventDate "2023.03.11"]
[EventType "team-k.o."]
[EventRounds "4"]
[EventCountry "ESP"]
[SourceTitle "EXT 2024"]
[Source "ChessBase"]
[SourceDate "2023.10.10"]
[SourceVersion "1"]
[SourceVersionDate "2023.10.10"]
[SourceQuality "1"]
[WhiteTeam "Badalona Cor de Marina"]
[BlackTeam "Cerdanyola Valles"]
[WhiteTeamCountry "ESP"]
[BlackTeamCountry "ESP"]

1. e4 e6 2. d4 d5 3. Nc3 Nf6 4. e5 Nfd7 5. f4 c5 6. Nf3 Nc6 7. Be3 h6 8. Be2 g5 9. f5 g4 10. fxe6 fxe6 11. Ng5 hxg5 12. Bxg4 Nb6 13. 0-0 cxd4 14. Bxd4 Nxd4 15. Qxd4 Qc7 16. Kh1 Bc5 17. Qd2 Qxe5 18. g3 Nc4 19. Qd3 Ne3 20. Qb5+ Bd7 21. Qxc5 Nxg4 22. Rae1 Rxh2+ 23. Kg1 Qxg3# 0-1

[Event "Catalunya-chT Gp1"]
[Site "Barcelona"]
[Date "2022.02.19"]
[Round "5.8"]
[White "Montilla Carrillo, Esteban"]
[Black "Roa Ribera, Alvaro"]
[Result "1-0"]
[WhiteElo "2129"]
[BlackElo "1905"]
[PlyCount "87"]
[EventDate "2022.01.22"]
[EventType "team-tourn"]
[EventRounds "9"]
[EventCountry "ESP"]
[SourceTitle "CBM 208 Extra"]
[Source "ChessBase"]
[SourceDate "2022.07.31"]
[SourceVersion "1"]
[SourceVersionDate "2022.07.31"]
[SourceQuality "1"]
[WhiteTeam "Mollet"]
[BlackTeam "Badalona Cor de Marina"]
[WhiteTeamCountry "ESP"]
[BlackTeamCountry "ESP"]

1. d4 d5 2. Nf3 Nf6 3. c4 c6 4. Nc3 e6 5. g3 dxc4 6. Bg2 Be7 7. 0-0 0-0 8. Ne5 Re8 9. Nxc4 Nbd7 10. a4 Bb4 11. a5 Nd5 12. Qb3 Bf8 13. e4 N5f6 14. Rd1 Qe7 15. e5 Nd5 16. Nd6 Rd8 17. Nxd5 cxd5 18. h4 h6 19. Bd2 Nb8 20. Bb4 Nc6 21. Bc5 Qc7 22. Qc3 Bd7 23. Bf1 b6 24. axb6 axb6 25. Nb5 Qb7 26. Bxf8 Rxf8 27. Nd6 Qb8 28. Bb5 Qc7 29. Rxa8 Rxa8 30. Rc1 Ra2 31. Bxc6 Bxc6 32. b4 f6 33. Qxc6 Qxc6 34. Rxc6 fxe5 35. dxe5 Re2 36. f4 d4 37. Rc4 d3 38. Kf1 Rb2 39. Rd4 Kh7 40. Rxd3 Rxb4 41. h5 Rb2 42. f5 Rh2 43. fxe6 Rxh5 44. Re3 1-0

[Event "Catalunya-chT Gp1"]
[Site "Barcelona"]
[Date "2022.02.05"]
[Round "3.9"]
[White "Jimenez Ruano, Adrian"]
[Black "Roa Ribera, Alvaro"]
[Result "1-0"]
[WhiteElo "2218"]
[BlackElo "1905"]
[PlyCount "113"]
[EventDate "2022.01.22"]
[EventType "team-tourn"]
[EventRounds "9"]
[EventCountry "ESP"]
[SourceTitle "CBM 206 Extra"]
[Source "ChessBase"]
[SourceDate "2022.03.31"]
[SourceVersion "1"]
[SourceVersionDate "2022.03.31"]
[SourceQuality "1"]
[WhiteTeam "Barcelona Escacs CC"]
[BlackTeam "Badalona Cor de Marina"]
[WhiteTeamCountry "ESP"]
[BlackTeamCountry "ESP"]

1. d4 d5 2. c4 c6 3. Nf3 Nf6 4. Nc3 e6 5. e3 Be7 6. Qc2 Nbd7 7. b3 b6 8. Bb2 Bb7 9. Bd3 c5 10. cxd5 Nxd5 11. Nxd5 Bxd5 12. e4 Bb7 13. Rd1 cxd4 14. Bxd4 Bb4+ 15. Kf1 0-0 16. Bb5 a6 17. Bd3 Qe7 18. e5 Rac8 19. Qb1 g6 20. Be4 Nc5 21. Bxb7 Qxb7 22. Bb2 Nd7 23. Ng5 Be7 24. Ne4 Rc6 25. Ke2 Nc5 26. Ng3 a5 27. f3 Na6 28. Rc1 Rfc8 29. Ne4 Nb4 30. Rxc6 Qxc6 31. Bc3 Nd5 32. Bd2 Qc2 33. Qxc2 Rxc2 34. Rc1 Rxa2 35. Kd1 Kg7 36. Rc8 Rb2 37. Nd6 Bxd6 38. exd6 Nf6 39. Bc3 Rxb3 40. d7 Rxc3 41. d8Q Rxc8 42. Qxc8 Nd5 43. Kd2 h6 44. Qc4 Kg8 45. g4 Kg7 46. f4 Kg8 47. f5 Kg7 48. h4 gxf5 49. gxf5 Kf6 50. fxe6 fxe6 51. Qd4+ Kg6 52. Qe4+ Kg7 53. Qxe6 Nf6 54. Qxb6 Kg6 55. Qxa5 Ne8 56. h5+ Kg7 57. Qf5 1-0

[Event "Catalunya-ch U10/20"]
[Site "Salou"]
[Date "2020.09.05"]
[Round "1"]
[White "Castillo Dalmau, Albert"]
[Black "Roa Ribera, Alvaro"]
[Result "1-0"]
[WhiteElo "2204"]
[BlackElo "1826"]
[PlyCount "105"]
[EventDate "2020.09.05"]
[EventType "swiss"]
[EventRounds "8"]
[EventCountry "ESP"]
[SourceTitle "EXT 2023"]
[Source "ChessBase"]
[SourceDate "2022.10.05"]
[SourceVersion "1"]
[SourceVersionDate "2022.10.05"]
[SourceQuality "1"]

1. d4 d5 2. c4 c6 3. cxd5 cxd5 4. Bf4 Nf6 5. e3 Qb6 6. Nc3 Qxb2 7. Bb5+ Nc6 8. Nge2 e6 9. 0-0 Qa3 10. Rb1 Qa5 11. Qc2 Qd8 12. Na4 Be7 13. Nc5 0-0 14. Nxb7 Bxb7 15. Bxc6 Bxc6 16. Qxc6 Qa5 17. Bc7 Qxa2 18. Nf4 Qc4 19. Qb7 Rfc8 20. Rfc1 Qa2 21. Nd3 Bf8 22. Be5 Rxc1+ 23. Rxc1 Re8 24. Bxf6 gxf6 25. Nf4 Qa3 26. Qc6 Rb8 27. g3 Qd6 28. Qa4 a6 29. Rc6 Qa3 30. Qxa3 Bxa3 31. Rxa6 Be7 32. g4 Kg7 33. Ra7 Kf8 34. Kg2 Rc8 35. Nh5 Bd8 36. Rb7 Be7 37. h3 Bd8 38. f4 Be7 39. Kf3 Bd8 40. f5 e5 41. Rd7 exd4 42. exd4 Rc5 43. Kg2 Rc3 44. Rxd5 Ke7 45. Nxf6 Bc7 46. Ne4 Re3 47. Rc5 Bf4 48. Nc3 Rg3+ 49. Kf2 Bd6 50. Nd5+ Kd7 51. Nb6+ Ke8 52. Rc6 Bf4 53. Rc8+ 1-0

[Event "ESP-ch U18"]
[Site "Salobrena"]
[Date "2019.07.26"]
[Round "7"]
[White "Pomet Polo, Celia"]
[Black "Roa Ribera, Alvaro"]
[Result "1-0"]
[WhiteElo "1723"]
[BlackElo "1882"]
[PlyCount "157"]
[EventDate "2019.07.22"]
[EventType "swiss"]
[EventRounds "9"]
[EventCountry "ESP"]
[SourceTitle "CBM 191 Extra"]
[Source "ChessBase"]
[SourceDate "2019.09.30"]
[SourceVersion "1"]
[SourceVersionDate "2019.09.30"]
[SourceQuality "1"]

1. d4 Nf6 2. Bg5 e6 3. e4 Be7 4. e5 Nd5 5. Bxe7 Nxe7 6. Nf3 d6 7. Bd3 Nd7 8. c3 Ng6 9. exd6 cxd6 10. 0-0 0-0 11. Re1 b6 12. Be4 Rb8 13. Qa4 Qc7 14. Qb5 Bb7 15. Nbd2 Bxe4 16. Nxe4 d5 17. Ned2 Qb7 18. a4 a6 19. Qd3 Rfc8 20. Kf1 Rc6 21. Ra3 Rbc8 22. h4 Nf6 23. Ne5 Nxe5 24. dxe5 Ne8 25. Nf3 f6 26. exf6 Nxf6 27. Nd4 Rd6 28. Rxe6 Rxe6 29. Nxe6 Qd7 30. Nd4 Qg4 31. Nf3 a5 32. Ra1 Rd8 33. Qd4 Ne4 34. Qxb6 Rf8 35. Qd4 Rxf3 36. gxf3 Qxf3 37. Qxd5+ Kf8 38. Qa8+ Kf7 39. Qa7+ Kg6 40. Qe3 Qh1+ 41. Ke2 Nxc3+ 42. bxc3 Qxa1 43. Qg5+ Kf7 44. Qxa5 Qb2+ 45. Ke3 Qc1+ 46. Kf3 Qh1+ 47. Ke3 Qc1+ 48. Kd4 Qf4+ 49. Kd3 Qf3+ 50. Kc4 Qe2+ 51. Kb4 Qb2+ 52. Kc4 Qe2+ 53. Kb3 Qd1+ 54. Ka2 Qc2+ 55. Ka3 Qxf2 56. Qh5+ Ke6 57. Qe8+ Kd5 58. Qb5+ Ke4 59. Qc4+ Ke5 60. Qc7+ Kd5 61. Qa5+ Kc6 62. Qb5+ Kc7 63. Qe5+ Kc6 64. Qxg7 Qc5+ 65. Kb3 Qd5+ 66. c4 Qd1+ 67. Ka3 Qd3+ 68. Kb2 Qd2+ 69. Kb3 Qd3+ 70. Qc3 Qb1+ 71. Ka3 Qf1 72. a5 Qf8+ 73. Kb3 Qf2 74. Qd3 Qf8 75. Qd5+ Kc7 76. a6 Qe8 77. Qb7+ Kd6 78. Qb6+ Ke7 79. Qe3+ 1-0

[Event "Barcelona Sant Marti op-A 20th"]
[Site "Barcelona"]
[Date "2018.07.19"]
[Round "7"]
[White "Roa Ribera, Alvaro"]
[Black "Bernat, Ernest"]
[Result "1/2-1/2"]
[WhiteElo "1742"]
[BlackElo "1880"]
[PlyCount "121"]
[EventDate "2018.07.13"]
[EventType "swiss"]
[EventRounds "9"]
[EventCountry "ESP"]
[SourceTitle "CBM 185 Extra"]
[Source "ChessBase"]
[SourceDate "2018.07.29"]
[SourceVersion "1"]
[SourceVersionDate "2018.07.29"]
[SourceQuality "1"]

1. e4 c5 2. Nc3 e6 3. f4 Nc6 4. Nf3 d5 5. d3 dxe4 6. dxe4 Qxd1+ 7. Kxd1 Bd7 8. a3 0-0-0 9. Be3 Nf6 10. Ke1 h6 11. Rd1 Be7 12. e5 Ne8 13. Ne4 b6 14. Ba6+ Kb8 15. Kf2 Nc7 16. Bc4 Na5 17. Ba2 Bc6 18. Nc3 Nd5 19. Nxd5 Bxd5 20. Bxd5 Rxd5 21. b3 Rhd8 22. Ke2 Nc6 23. c4 R5d7 24. Rxd7 Rxd7 25. Rd1 Kc7 26. Rxd7+ Kxd7 27. Bd2 Kc7 28. Kd3 Kd7 29. g4 g6 30. Bc3 Bd8 31. Ke4 Be7 32. f5 Ke8 33. Bd2 Bf8 34. Bc3 Be7 35. Bd2 Bf8 36. Be3 Na5 37. Nd2 Nc6 38. f6 Kd7 39. h4 Ke8 40. Bf4 Kd7 41. Bg3 Ke8 42. Kd3 Kd7 43. Nf3 Ke8 44. Be1 Kd7 45. Bc3 Ke8 46. Ke3 Kd7 47. Ke4 Ke8 48. Ne1 Kd7 49. Nd3 a5 50. Bd2 Kc7 51. Be3 Kb7 52. Nc1 Kc7 53. Ne2 Na7 54. Nc3 Kc6 55. Kd3 Kd7 56. Ke4 Kc6 57. Kd3 Kd7 58. Nb5 Nxb5 59. cxb5 Kc7 60. Kc4 Kb7 61. Bd2 1/2-1/2

[Event "Badalona op-B 43rd"]
[Site "Badalona"]
[Date "2017.08.08"]
[Round "7"]
[White "Roa Ribera, Alvaro"]
[Black "Varela Cuadrado, Cesar M"]
[Result "1-0"]
[WhiteElo "1688"]
[BlackElo "1783"]
[PlyCount "125"]
[EventDate "2017.08.02"]
[EventType "swiss"]
[EventRounds "9"]
[EventCountry "ESP"]
[SourceTitle "EXT 2019"]
[Source "ChessBase"]
[SourceDate "2018.10.10"]
[SourceVersion "1"]
[SourceVersionDate "2018.10.10"]
[SourceQuality "1"]

1. e4 d5 2. exd5 Qxd5 3. Nc3 Qa5 4. d4 Nf6 5. Bd3 Bg4 6. Nf3 c6 7. h3 Bh5 8. Bf4 Nd5 9. Bd2 Nxc3 10. Bxc3 Qc7 11. Qd2 e6 12. 0-0-0 Nd7 13. Rhe1 Bxf3 14. gxf3 Bd6 15. Kb1 Bf4 16. Qe2 Nf6 17. Rg1 Nd5 18. Bd2 Bxd2 19. Qxd2 g6 20. c3 0-0-0 21. Qh6 Qf4 22. Qxf4 Nxf4 23. Bf1 h5 24. Kc2 Rd7 25. h4 Rhd8 26. Bc4 c5 27. dxc5 Rxd1 28. Rxd1 Rxd1 29. Kxd1 Ng2 30. Ke2 Nxh4 31. f4 Nf5 32. Kf3 Kc7 33. Bb5 Kd8 34. Ba4 Ke7 35. Bb5 Nh6 36. Bd3 Ng8 37. Be4 b6 38. cxb6 axb6 39. b4 Nf6 40. Bb7 Kd6 41. a4 Ng4 42. a5 bxa5 43. bxa5 Kc7 44. Ba6 Nf6 45. Bb5 h4 46. c4 h3 47. Kg3 Nh5+ 48. Kxh3 Nxf4+ 49. Kg4 Nd3 50. f4 f5+ 51. Kg5 e5 52. fxe5 Nxe5 53. Kf6 Kd6 54. a6 Ng4+ 55. Kxg6 Kc7 56. Kxf5 Ne3+ 57. Ke4 Nc2 58. c5 Nb4 59. Ke5 Kb8 60. Kd6 Ka7 61. c6 Kb8 62. c7+ Ka7 63. c8Q 1-0

[Event "Foment Martinenc op-B 19st"]
[Site "Barcelona"]
[Date "2017.04.29"]
[Round "2.10"]
[White "Roa Ribera, Alvaro"]
[Black "Garcia Ramos, Anais"]
[Result "1/2-1/2"]
[WhiteElo "1766"]
[BlackElo "1699"]
[PlyCount "44"]
[EventDate "2017.04.22"]
[EventType "swiss"]
[EventRounds "9"]
[EventCountry "ESP"]
[SourceTitle "EXT 2024"]
[Source "ChessBase"]
[SourceDate "2023.10.10"]
[SourceVersion "1"]
[SourceVersionDate "2023.10.10"]
[SourceQuality "1"]

1. e4 e6 2. d4 d5 3. Nc3 Bb4 4. e5 c5 5. Nf3 cxd4 6. Qxd4 Nc6 7. Qg4 Nge7 8. Bb5 Bxc3+ 9. bxc3 0-0 10. Bg5 Qa5 11. Bxc6 Qxc3+ 12. Kd1 Ng6 13. Bb5 Qxa1+ 14. Kd2 Qxh1 15. Bd3 f6 16. Bxf6 Rxf6 17. exf6 e5 18. Qg5 gxf6 19. Qxf6 Qxg2 20. Ng5 Qxh2 21. Qf7+ Kh8 22. Qf6+ Kg8 1/2-1/2

[Event "Mataro Maresme op-A 13th"]
[Site "Mataro"]
[Date "2016.11.26"]
[Round "8"]
[White "Fradera Manils, Josep"]
[Black "Roa Ribera, Alvaro"]
[Result "1-0"]
[WhiteElo "1743"]
[BlackElo "1742"]
[PlyCount "107"]
[EventDate "2016.10.08"]
[EventType "swiss"]
[EventRounds "9"]
[EventCountry "ESP"]
[SourceTitle "EXT 2018"]
[Source "ChessBase"]
[SourceDate "2017.10.13"]
[SourceVersion "1"]
[SourceVersionDate "2017.10.13"]
[SourceQuality "1"]

1. e4 e5 2. Nf3 Nc6 3. d4 exd4 4. Bc4 Bb4+ 5. c3 dxc3 6. bxc3 Qf6 7. Bg5 Qd6 8. cxb4 Qxd1+ 9. Kxd1 Nxb4 10. Bd2 Nc6 11. Re1 f6 12. Nc3 d6 13. Nb5 Kd8 14. h3 Nge7 15. Ke2 Ne5 16. Nxe5 fxe5 17. Rad1 Nc6 18. Bg5+ Kd7 19. Kf1 a6 20. Nc3 Nd4 21. Nd5 b5 22. Bd3 Rb8 23. Be3 c5 24. Kg1 Bb7 25. f4 Bxd5 26. exd5 g6 27. fxe5 dxe5 28. Bf2 Kd6 29. Be4 Rhe8 30. Rd2 Re7 31. Bh4 Rf7 32. Bg5 Nf5 33. Rf2 Rbf8 34. Ref1 Kd7 35. g4 Nd6 36. Rxf7+ Rxf7 37. Rxf7+ Nxf7 38. Be3 Kd6 39. Kf2 Nd8 40. Ke2 Nb7 41. Kd2 Na5 42. Kc2 Nc4 43. Bh6 Ke7 44. Kc3 Nd6 45. Bf3 Kf7 46. h4 Ne8 47. Kd3 Nf6 48. Bg5 e4+ 49. Bxe4 Nxg4 50. Bf4 Nf2+ 51. Ke3 Nxe4 52. Kxe4 Ke7 53. Ke5 c4 54. Bd2 1-0

[Event "Foment Martinenc op-C 18th"]
[Site "Barcelona"]
[Date "2016.06.18"]
[Round "9"]
[White "Roa Ribera, Alvaro"]
[Black "Arias Aranda, Guillem"]
[Result "1-0"]
[WhiteElo "1823"]
[BlackElo "1504"]
[PlyCount "73"]
[EventDate "2016.04.23"]
[EventType "swiss"]
[EventRounds "9"]
[EventCountry "ESP"]
[SourceTitle "EXT 2017"]
[Source "ChessBase"]
[SourceDate "2016.10.25"]
[SourceVersion "1"]
[SourceVersionDate "2016.10.25"]
[SourceQuality "1"]

1. e4 e5 2. Nf3 Nc6 3. Bb5 f5 4. exf5 e4 5. Qe2 Qe7 6. Ng1 Nd4 7. Qh5+ Kd8 8. Ba4 Nf6 9. Qh3 d5 10. Ne2 Bxf5 11. Qe3 Nxe2 12. Qxe2 d4 13. Qb5 Qb4 14. Qxb4 Bxb4 15. c3 dxc3 16. dxc3 Bc5 17. 0-0 c6 18. Bc2 Re8 19. c4 e3 20. Bxe3 Bxc2 21. Bxc5 Re2 22. Nc3 Rd2 23. Be3 Rd3 24. Rac1 Rxe3 25. fxe3 Bg6 26. Rcd1+ Kc7 27. h3 Re8 28. Rfe1 Bc2 29. Rd2 Bf5 30. Kf2 Be4 31. g4 g5 32. Rf1 h5 33. Ke2 Nd7 34. Nxe4 Rxe4 35. Rf7 hxg4 36. Rfxd7+ Kb6 37. R7d4 1-0

[Event "Mataro op 12th"]
[Site "Mataro"]
[Date "2015.10.17"]
[Round "3.12"]
[White "Roa Ribera, Alvaro"]
[Black "Molina Tabernero, Jordi"]
[Result "1-0"]
[WhiteElo "1725"]
[BlackElo "1710"]
[PlyCount "73"]
[EventDate "2015.10.03"]
[EventType "swiss"]
[EventRounds "9"]
[EventCountry "ESP"]
[SourceTitle "EXT 2024"]
[Source "ChessBase"]
[SourceDate "2023.10.10"]
[SourceVersion "1"]
[SourceVersionDate "2023.10.10"]
[SourceQuality "1"]

1. e4 g6 2. Nc3 Bg7 3. d4 d6 4. Nge2 a6 5. Be3 b5 6. a3 Bb7 7. Qd2 h6 8. Rd1 e6 9. Bf4 g5 10. Bg3 Ne7 11. f4 f6 12. fxg5 fxg5 13. Nc1 0-0 14. Be2 Nbc6 15. Nb3 b4 16. axb4 Nxb4 17. Bf3 Nec6 18. Ne2 a5 19. Nxa5 Rxa5 20. d5 exd5 21. exd5 Nxc2+ 22. Qxc2 Rc5 23. Qd3 Nb4 24. Qb3 Nc2+ 25. Kf1 Ba6 26. Bf2 Bxe2+ 27. Kxe2 Qe8+ 28. Kd3 Rxf3+ 29. gxf3 Qg6+ 30. Ke2 Qe8+ 31. Kd2 Nd4 32. Bxd4 Bxd4 33. Rhe1 Qh5 34. Qb8+ Kg7 35. Re7+ Kf6 36. Qf8+ Kg6 37. Qf7# 1-0